[Event "French Tarrash Training"]
[Site "SchemingMind.com"]
[Date "2013.07.27"]
[Round "-"]
[White "samprabhur"]
[Black "Louis Lima"]
[Result "1-0"]
[WhiteCountry "USA"]
[BlackCountry "ESP"]
[WhiteElo "1937"]
[WhiteRD "95"]
[BlackElo "1910"]
[BlackRD "67"]
[GameID "335530"]

1. e4 e6 2. d4 d5 3. Nd2 Nf6 4. e5 Nfd7 5. Bd3 c5 6. c3 Nc6 7. Ngf3 cxd4 8. cxd4 f6 9. exf6 Nxf6 10. O-O Bd6
11. Re1 O-O 12. Nb3 Qc7 13. Qe2 Bd7 14. Ne5 Rae8 15. Bg5 a5 16. Rac1 a4 17. Nd2 Bc8 18. Ndf3 Qb6 19. Red1 Ne4 20. Nc4
1-0

[Event "French Tarrash Training"]
[Site "SchemingMind.com"]
[Date "2013.07.27"]
[Round "-"]
[White "Louis Lima"]
[Black "samprabhur"]
[Result "0-1"]
[WhiteCountry "ESP"]
[BlackCountry "USA"]
[WhiteElo "1910"]
[WhiteRD "67"]
[BlackElo "1937"]
[BlackRD "95"]
[GameID "335531"]

1. e4 e6 2. d4 d5 3. Nd2 Nf6 4. e5 Nfd7 5. Bd3 c5 6. c3 Nc6 7. Ne2 Qb6 8. Nf3 cxd4 9. cxd4 Bb4+ 10. Kf1 f6
11. Nf4 fxe5 12. Nxe6 g6 13. dxe5 Ndxe5 14. Be3 Qa5 15. Ng7+ Kf7 16. Bh6 Ng4 17. Qc1 Qb6 18. Ng5+ Kg8 19. Ne4 Nce5
0-1

[Event "French Tarrash Training"]
[Site "SchemingMind.com"]
[Date "2013.07.29"]
[Round "-"]
[White "Till Plewe"]
[Black "Louis Lima"]
[Result "1-0"]
[WhiteCountry "JPN"]
[BlackCountry "ESP"]
[WhiteElo "2395"]
[WhiteRD "71"]
[BlackElo "1910"]
[BlackRD "67"]
[GameID "335637"]

1. e4 e6 2. d4 d5 3. Nd2 Nf6 4. e5 Nfd7 5. Bd3 c5 6. c3 Nc6 7. Ne2 cxd4 8. cxd4 f6 9. exf6 Nxf6 10. O-O Bd6
11. Nf3 Qc7 12. Bg5 O-O 13. Rc1 Bd7 14. Re1 Rac8 15. a3 h6 16. Bh4 Nh5 17. Nc3 Nf4 18. Nb5
1-0

[Event "French Tarrash Training"]
[Site "SchemingMind.com"]
[Date "2013.07.29"]
[Round "-"]
[White "Till Plewe"]
[Black "samprabhur"]
[Result "1-0"]
[WhiteCountry "JPN"]
[BlackCountry "USA"]
[WhiteElo "2400"]
[WhiteRD "70"]
[BlackElo "1833"]
[BlackRD "97"]
[GameID "335638"]

1. e4 e6 2. d4 d5 3. Nd2 Nf6 4. e5 Nfd7 5. Bd3 c5 6. c3 Nc6 7. Ne2 Qb6 8. Nf3 cxd4 9. cxd4 f6 10. exf6 Nxf6
11. O-O Bd6 12. b3 e5 13. dxe5 Nxe5 14. Nxe5 Bxe5 15. Rb1 O-O 16. Bf4 Qd6 17. Qd2 Ng4 18. Bxe5 Qxe5 19. Ng3 Bd7 20. Rbd1 Rae8
21. Be2 Nf6 22. Rfe1 Qd6 23. Bf3 Rxe1+ 24. Rxe1 Kh8 25. Ne2 Bg4 26. Bxg4 Nxg4 27. Nf4 b6 28. g3 Nf6 29. Qd4 Rc8 30. Re6 Qd8
31. Qe5
1-0

[Event "French Tarrash Training"]
[Site "SchemingMind.com"]
[Date "2013.07.29"]
[Round "-"]
[White "Louis Lima"]
[Black "Till Plewe"]
[Result "0-1"]
[WhiteCountry "ESP"]
[BlackCountry "JPN"]
[WhiteElo "1910"]
[WhiteRD "67"]
[BlackElo "2395"]
[BlackRD "71"]
[GameID "335639"]

1. e4 e6 2. d4 d5 3. Nd2 Nf6 4. e5 Ne4 5. Bd3 Nxd2 6. Bxd2 c5 7. dxc5 Nd7 8. Nf3 Nxc5 9. Be2 Bd7 10. O-O Be7
11. c4 dxc4 12. Bxc4 Bc6 13. Be3 O-O 14. Qe2 Qc7 15. Rac1 Bxf3 16. Qxf3 Qxe5 17. Bxc5 Bxc5 18. Qc3 Bd4
0-1

[Event "French Tarrash Training"]
[Site "SchemingMind.com"]
[Date "2013.07.29"]
[Round "-"]
[White "samprabhur"]
[Black "Till Plewe"]
[Result "0-1"]
[WhiteCountry "USA"]
[BlackCountry "JPN"]
[WhiteElo "1833"]
[WhiteRD "97"]
[BlackElo "2400"]
[BlackRD "70"]
[GameID "335640"]

1. e4 e6 2. d4 d5 3. Nd2 Be7 4. Bd3 c5 5. c3 Nf6 6. e5 Nfd7 7. Ngf3 Nc6 8. O-O a5 9. Re1 cxd4 10. cxd4 Qb6
11. Nb1 Nxd4 12. Nxd4 Qxd4 13. Nc3 Bc5 14. Be3 Qh4 15. Bxc5 Nxc5 16. Bb5+ Bd7 17. Nxd5 exd5 18. Bxd7+ Nxd7 19. Qxd5 Qe7 20. e6 Nf6
21. exf7+ Kf8 22. Rxe7 Nxd5 23. Rxb7 h5 24. Rd1 Nb4 25. a3 Nc6 26. Rc7 Rh6
0-1

[Event "French Tarrash Training"]
[Site "SchemingMind.com"]
[Date "2013.08.04"]
[Round "-"]
[White "miriskra"]
[Black "Louis Lima"]
[Result "1/2-1/2"]
[WhiteCountry "WLS"]
[BlackCountry "ESP"]
[WhiteElo "1891"]
[WhiteRD "74"]
[BlackElo "1910"]
[BlackRD "67"]
[GameID "336100"]

1. e4 e6 2. d4 d5 3. Nd2 Nf6 4. e5 Nfd7 5. f4 c5 6. Ngf3 Nc6 7. c3 cxd4 8. cxd4 Qb6 9. Nb3 a5 10. a4 Be7
11. Bd3 Nb4 12. Bb1 Qc7 13. O-O Nb6 14. Kh1 Bd7 15. Nc5 Bxc5 16. dxc5 Qxc5 17. Re1 Rc8=
1/2-1/2

[Event "French Tarrash Training"]
[Site "SchemingMind.com"]
[Date "2013.08.03"]
[Round "-"]
[White "miriskra"]
[Black "Till Plewe"]
[Result "0-1"]
[WhiteCountry "WLS"]
[BlackCountry "JPN"]
[WhiteElo "1923"]
[WhiteRD "74"]
[BlackElo "2378"]
[BlackRD "70"]
[GameID "336101"]

1. e4 e6 2. d4 d5 3. Nd2 Nf6 4. e5 Nfd7 5. f4 c5 6. Nb3 Nc6 7. Nf3 c4 8. Nbd2 h6 9. Be2 g5 10. Nf1 g4
11. Ng1 Rg8 12. g3 f5 13. exf6 Nxf6 14. c3 b5 15. Be3 b4 16. h3 bxc3 17. bxc3 Ne4 18. Qc1 Nxc3 19. hxg4 Ne4 20. Nf3 Qa5+
0-1

[Event "French Tarrash Training"]
[Site "SchemingMind.com"]
[Date "2013.08.03"]
[Round "-"]
[White "miriskra"]
[Black "samprabhur"]
[Result "1-0"]
[WhiteCountry "WLS"]
[BlackCountry "USA"]
[WhiteElo "1944"]
[WhiteRD "77"]
[BlackElo "1838"]
[BlackRD "93"]
[GameID "336102"]

1. e4 e6 2. d4 d5 3. Nd2 Nf6 4. e5 Nfd7 5. f4 c5 6. Ngf3 Nc6 7. Nb3 c4 8. Nbd2 f6 9. Be2 fxe5 10. fxe5 Nxd4
11. O-O Nf5 12. Nb1 Bc5+ 13. Kh1 O-O 14. Nc3 Be3 15. g4 Bxc1 16. Qxc1 Nh6 17. Ng5 Rxf1+ 18. Bxf1 Nxe5 19. h3
1-0

[Event "French Tarrash Training"]
[Site "SchemingMind.com"]
[Date "2013.08.03"]
[Round "-"]
[White "Louis Lima"]
[Black "miriskra"]
[Result "1-0"]
[WhiteCountry "ESP"]
[BlackCountry "WLS"]
[WhiteElo "1910"]
[WhiteRD "67"]
[BlackElo "1891"]
[BlackRD "74"]
[GameID "336103"]

1. e4 e6 2. d4 d5 3. Nd2 dxe4 4. Nxe4 Nd7 5. Nf3 Ngf6 6. Bd3 Nxe4 7. Bxe4 Nf6 8. Bg5 Be7 9. Bxf6 Bxf6 10. Qd3 h6
11. O-O-O O-O 12. g4 c5 13. h4 cxd4 14. g5 hxg5 15. hxg5 Bxg5+ 16. Nxg5 Qxg5+ 17. Kb1 f5 18. Bf3 e5 19. Bd5+ Rf7 20. Qc4 Qf6
21. Bxf7+
1-0

[Event "French Tarrash Training"]
[Site "SchemingMind.com"]
[Date "2013.08.02"]
[Round "-"]
[White "Till Plewe"]
[Black "miriskra"]
[Result "1-0"]
[WhiteCountry "JPN"]
[BlackCountry "WLS"]
[WhiteElo "2378"]
[WhiteRD "70"]
[BlackElo "1923"]
[BlackRD "74"]
[GameID "336104"]

1. e4 e6 2. d4 d5 3. Nd2 dxe4 4. Nxe4 Nd7 5. Nf3 Ngf6 6. Bd3 Nxe4 7. Bxe4 Nf6 8. Bg5 Be7 9. Bxf6 Bxf6 10. Qd3 g6
11. h4 h5 12. O-O-O O-O 13. Ne5 Qe7 14. g4 hxg4 15. h5 Bg5+ 16. Kb1 f5 17. Bg2 gxh5 18. Rxh5 Qg7 19. Rdh1 Bf6 20. f4 Rb8
21. Rxf5 Bxe5 22. Rxf8+ Kxf8 23. dxe5 Ke8 24. Rh7
1-0

[Event "French Tarrash Training"]
[Site "SchemingMind.com"]
[Date "2013.08.03"]
[Round "-"]
[White "samprabhur"]
[Black "miriskra"]
[Result "0-1"]
[WhiteCountry "USA"]
[BlackCountry "WLS"]
[WhiteElo "1838"]
[WhiteRD "93"]
[BlackElo "1944"]
[BlackRD "77"]
[GameID "336105"]

1. e4 e6 2. d4 d5 3. Nd2 dxe4 4. Nxe4 Nd7 5. Nf3 Ngf6 6. Nxf6+ Nxf6 7. Bd3 c5 8. dxc5 Bxc5 9. O-O O-O 10. Qe2 Qc7
11. Bg5 b6 12. Bxf6 gxf6 13. Qe4 f5 14. Qh4 f6 15. Rfe1 Qg7 16. Bc4 Re8 17. Bd5 Rb8 18. Qf4 Bd7
0-1

[Event "French Tarrash Training"]
[Site "SchemingMind.com"]
[Date "2013.08.05"]
[Round "-"]
[White "emvarela"]
[Black "miriskra"]
[Result "1-0"]
[WhiteCountry "ARG"]
[BlackCountry "WLS"]
[WhiteElo "1720"]
[WhiteRD "50"]
[BlackElo "1896"]
[BlackRD "84"]
[GameID "336272"]

1. e4 e6 2. d4 d5 3. Nd2 Nf6 4. e5 Nfd7 5. Bd3 c5 6. c3 Nc6 7. Ne2 Be7 8. O-O O-O 9. Nf3 f6 10. exf6 gxf6
11. Qc2 Rf7 12. dxc5 Nxc5 13. Ned4 Nxd3 14. Qxd3 Ne5 15. Nxe5 fxe5 16. Qg3+ Rg7 17. Qxe5 Bd6 18. Qe3 e5 19. Nf3 e4 20. Nd4 Qh4
21. g3 Qh3 22. Qh6 Qd7 23. Be3 Rg6 24. Qh4 Rg4 25. Qh5 Bf8 26. f3 Rg6 27. fxe4 dxe4 28. Rad1 Qg7 29. Qd5+ Kh8 30. Nf5 Qg8
31. Bd4+ Bg7 32. Bxg7+ Rxg7 33. Nxg7 Kxg7 34. Qg5+
1-0

[Event "French Tarrash Training"]
[Site "SchemingMind.com"]
[Date "2013.08.05"]
[Round "-"]
[White "emvarela"]
[Black "Till Plewe"]
[Result "0-1"]
[WhiteCountry "ARG"]
[BlackCountry "JPN"]
[WhiteElo "1767"]
[WhiteRD "50"]
[BlackElo "2378"]
[BlackRD "70"]
[GameID "336273"]

1. e4 e6 2. d4 d5 3. Nd2 Nf6 4. e5 Ne4 5. Nxe4 dxe4 6. Be3 c5 7. dxc5 Nd7 8. Qg4 Nxc5 9. Bb5+ Nd7 10. Ne2 Qa5+
11. Nc3 a6 12. Bxd7+ Bxd7 13. Qxe4 Bc6 14. O-O Bxe4
0-1

[Event "French Tarrash Training"]
[Site "SchemingMind.com"]
[Date "2013.08.05"]
[Round "-"]
[White "miriskra"]
[Black "emvarela"]
[Result "1-0"]
[WhiteCountry "WLS"]
[BlackCountry "ARG"]
[WhiteElo "1952"]
[WhiteRD "82"]
[BlackElo "1713"]
[BlackRD "51"]
[GameID "336276"]

1. e4 e6 2. d4 d5 3. Nd2 Be7 4. Ngf3 Nf6 5. e5 Nfd7 6. Bd3 c5 7. c3 Nc6 8. O-O O-O 9. Re1 f5 10. exf6 Nxf6
11. Nf1 c4 12. Bc2 Qc7 13. Qe2 Bd6 14. Bg5 h6 15. Bh4 Bd7 16. Bg3 Bxg3 17. Nxg3 Rae8 18. b4 b5 19. a4 a6 20. a5 Ne7
21. Ne5 Nh7 22. Nxd7 Qxd7 23. Qxe6+ Qxe6 24. Rxe6 Rf6 25. Rae1 Nf8 26. Rxe7 Rxe7 27. Rxe7 Ne6 28. Kf1
1-0

[Event "French Tarrash Training"]
[Site "SchemingMind.com"]
[Date "2013.08.06"]
[Round "-"]
[White "Till Plewe"]
[Black "emvarela"]
[Result "1-0"]
[WhiteCountry "JPN"]
[BlackCountry "ARG"]
[WhiteElo "2400"]
[WhiteRD "70"]
[BlackElo "1713"]
[BlackRD "51"]
[GameID "336277"]

1. e4 e6 2. d4 d5 3. Nd2 Be7 4. Bd3 c5 5. dxc5 Nf6 6. Qe2 O-O 7. Ngf3 Nc6 8. O-O Bxc5 9. e5 Ng4 10. Nb3 Bxf2+
11. Rxf2 Nxf2 12. Qxf2 f6 13. exf6 Qxf6 14. Qc5 Qe7 15. Qxe7 Nxe7 16. Nbd4 Nc6 17. Be3 Nxd4 18. Bxd4 Bd7 19. Re1 a6 20. Ng5 h6
21. Nf3 Rac8 22. c3 b5 23. Ne5 Be8 24. Be2 g5 25. Bg4 Rf6 26. Nd7 Rf4 27. Bxe6+
1-0

[Event "French Tarrash Training"]
[Site "SchemingMind.com"]
[Date "2013.08.06"]
[Round "-"]
[White "MKruger"]
[Black "Louis Lima"]
[Result "1-0"]
[WhiteCountry "GER"]
[BlackCountry "ESP"]
[WhiteElo "2017"]
[WhiteRD "89"]
[BlackElo "1911"]
[BlackRD "75"]
[GameID "336297"]

1. e4 e6 2. d4 d5 3. Nd2 Nf6 4. e5 Nfd7 5. Bd3 c5 6. c3 Nc6 7. Ne2 cxd4 8. cxd4 f6 9. exf6 Nxf6 10. Nf3 Bd6
11. O-O O-O 12. Bf4 Nh5 13. Bxd6 Qxd6 14. Ng3 Nf4 15. Re1 Bd7 16. a3 a6 17. Rc1 Be8 18. Bf1 Bg6 19. Qb3 Na5 20. Qc3 Nc6
21. b4 h6 22. Qe3 Rae8 23. Rc5 Rf7 24. b5 axb5 25. Bxb5 Ref8 26. Bxc6 bxc6 27. Ne5 Rc7 28. Ne2 Nxe2+ 29. Qxe2 Be8 30. a4
1-0

[Event "French Tarrash Training"]
[Site "SchemingMind.com"]
[Date "2013.08.05"]
[Round "-"]
[White "MKruger"]
[Black "miriskra"]
[Result "1-0"]
[WhiteCountry "GER"]
[BlackCountry "WLS"]
[WhiteElo "2137"]
[WhiteRD "80"]
[BlackElo "1923"]
[BlackRD "74"]
[GameID "336298"]

1. e4 e6 2. d4 d5 3. Nd2 Nf6 4. e5 Nfd7 5. Bd3 c5 6. c3 b6 7. Ne2 Ba6 8. Bxa6 Nxa6 9. O-O Qc7 10. f4 O-O-O
11. f5 Kb7 12. fxe6 fxe6 13. Nf4 Qc6 14. Qh5 cxd4 15. cxd4 Bb4 16. a3 Bxd2 17. Bxd2 Nc7 18. Rac1 Qb5 19. Rxc7+ Kxc7 20. Nxe6+ Kb8
21. Nxd8 Rxd8 22. e6 Nf6 23. Qf7 Qe8 24. Qxg7 Ne4 25. e7 Rd7 26. Rf8
1-0

[Event "French Tarrash Training"]
[Site "SchemingMind.com"]
[Date "2013.08.06"]
[Round "-"]
[White "MKruger"]
[Black "emvarela"]
[Result "1-0"]
[WhiteCountry "GER"]
[BlackCountry "ARG"]
[WhiteElo "2215"]
[WhiteRD "73"]
[BlackElo "1760"]
[BlackRD "50"]
[GameID "336299"]

1. e4 e6 2. d4 d5 3. Nd2 Be7 4. e5 c5 5. c3 Nc6 6. Bd3 c4 7. Bc2 Bg5 8. Nh3 Bxd2+ 9. Bxd2 Nge7 10. Qg4 g6
11. Bg5 Qb6 12. b4 cxb3 13. axb3 Bd7 14. Bf6 Rg8 15. O-O O-O-O 16. Qh4 Nf5 17. Qxh7 Rdf8 18. Ng5 Nd8 19. Bxd8 Kxd8 20. Bxf5 exf5
21. Nxf7+
1-0

[Event "French Tarrash Training"]
[Site "SchemingMind.com"]
[Date "2013.08.05"]
[Round "-"]
[White "MKruger"]
[Black "Till Plewe"]
[Result "1/2-1/2"]
[WhiteCountry "GER"]
[BlackCountry "JPN"]
[WhiteElo "2433"]
[WhiteRD "67"]
[BlackElo "2348"]
[BlackRD "69"]
[GameID "336300"]

1. e4 e6 2. d4 d5 3. Nd2 Nf6 4. e5 Ne4 5. Nxe4 dxe4 6. Bc4 a6 7. Ne2 b5 8. Bb3 Bb7 9. c3 c5 10. O-O Nc6
11. a4 Be7 12. Be3 O-O 13. Ng3 cxd4 14. cxd4 Bh4 15. Nh5 Kh8 16. Qg4 g6 17. Ng3 Bxg3 18. hxg3 Kg8 19. Rfd1 h5 20. Qf4 Ne7
21. g4 Bd5 22. Bc2 Rc8 23. Bxe4 hxg4 24. Qxg4 Bxe4 25. Qxe4 Nf5 26. axb5 axb5 27. Rac1 Qd7 28. Rxc8 Rxc8 29. Bg5 Qd5 30. Qxd5 exd5
31. Rd3 Rc4 32. Ra3 Ra4 33. Rxa4 bxa4 34. Be3 Ne7 35. Kf1 Nc6 36. Ke2 f6 37. exf6 Kf7 38. Kd3 Kxf6 39. g4 Nb4+= 40. Kd2 Nc6
41. Kc3 Ke6 42. b3 axb3 43. Kxb3 Na5+ 44. Kc3 Nc6 45. Bf4 Kf6 46. Bd2 Ke6 47. Kd3 Kf6 48. f4 Ke6 49. Ke3 Kf6 50. Bc3=
1/2-1/2

[Event "French Tarrash Training"]
[Site "SchemingMind.com"]
[Date "2013.08.06"]
[Round "-"]
[White "MKruger"]
[Black "samprabhur"]
[Result "1-0"]
[WhiteCountry "GER"]
[BlackCountry "USA"]
[WhiteElo "2215"]
[WhiteRD "73"]
[BlackElo "1838"]
[BlackRD "93"]
[GameID "336301"]

1. e4 e6 2. d4 d5 3. Nd2 Nf6 4. e5 Nfd7 5. Bd3 c5 6. c3 Nc6 7. Ne2 Qb6 8. Nf3 cxd4 9. cxd4 f6 10. exf6 Nxf6
11. O-O Bd6 12. Bf4 Bxf4 13. Nxf4 O-O 14. Qd2 Kh8 15. Bb1 Bd7 16. Re1 Rae8 17. h3 a5 18. b3 Qc7 19. Ne5 Nxe5 20. Rxe5 Rc8
21. Bd3 Qc3 22. Qxc3 Rxc3 23. Rd1
1-0

[Event "French Tarrash Training"]
[Site "SchemingMind.com"]
[Date "2013.08.05"]
[Round "-"]
[White "Louis Lima"]
[Black "MKruger"]
[Result "1/2-1/2"]
[WhiteCountry "ESP"]
[BlackCountry "GER"]
[WhiteElo "1911"]
[WhiteRD "75"]
[BlackElo "2017"]
[BlackRD "89"]
[GameID "336302"]

1. e4 e6 2. d4 d5 3. Nd2 Nf6 4. e5 Nfd7 5. Bd3 c5 6. c3 Nc6 7. Ne2 cxd4 8. cxd4 f6 9. exf6 Nxf6 10. Nf3 Bd6
11. O-O Qc7 12. Bg5 O-O 13. Rc1 Bd7 14. Ng3 Qb6 15. Bxf6 Rxf6 16. Bxh7+ Kxh7 17. Ng5+ Kh8 18. Qh5+ Rh6 19. Nf7+ Kh7 20. Nxh6 Be8
21. Nf7+ Kg8=
1/2-1/2

[Event "French Tarrash Training"]
[Site "SchemingMind.com"]
[Date "2013.08.05"]
[Round "-"]
[White "miriskra"]
[Black "MKruger"]
[Result "0-1"]
[WhiteCountry "WLS"]
[BlackCountry "GER"]
[WhiteElo "1923"]
[WhiteRD "74"]
[BlackElo "2137"]
[BlackRD "80"]
[GameID "336303"]

1. e4 e6 2. d4 d5 3. Nd2 Nf6 4. e5 Nfd7 5. f4 c5 6. Ngf3 Nc6 7. c3 Qb6 8. Nb3 a5 9. Be3 c4 10. Nc5 Nxc5
11. dxc5 Qxb2 12. Be2 Qxc3+ 13. Bd2 Qb2 14. O-O Bxc5+ 15. Kh1 O-O 16. Qe1 Bb4 17. a3 Bxd2 18. Nxd2 f6 19. exf6 Rxf6 20. g3 e5
21. Bf3 e4 22. Bg2 c3 23. Nxe4 dxe4 24. Qxe4 Bf5 25. Qc4+ Kh8 26. g4 Bxg4 27. Rab1 Be2 28. Rxb2 Bxc4
0-1

[Event "French Tarrash Training"]
[Site "SchemingMind.com"]
[Date "2013.08.05"]
[Round "-"]
[White "emvarela"]
[Black "MKruger"]
[Result "0-1"]
[WhiteCountry "ARG"]
[BlackCountry "GER"]
[WhiteElo "1713"]
[WhiteRD "51"]
[BlackElo "2225"]
[BlackRD "74"]
[GameID "336304"]

1. e4 e6 2. d4 d5 3. Nd2 Nf6 4. e5 Nfd7 5. Bd3 c5 6. c3 Nc6 7. Ne2 cxd4 8. cxd4 f6 9. exf6 Nxf6 10. O-O Bd6
11. Nf3 Qc7 12. Bg5 O-O 13. Rc1 h6 14. Bxf6 Rxf6 15. Ng3 Qf7 16. Qe2 Rxf3 17. Qxf3 Qxf3 18. gxf3 Nxd4 19. Kg2 Bd7 20. Bg6 Rf8
21. Rc3 e5 22. Rd1 Ba4 23. b3 Bc6 24. Ne2 Nxe2 25. Re3 Nf4+
0-1

[Event "French Tarrash Training"]
[Site "SchemingMind.com"]
[Date "2013.08.05"]
[Round "-"]
[White "Till Plewe"]
[Black "MKruger"]
[Result "1/2-1/2"]
[WhiteCountry "JPN"]
[BlackCountry "GER"]
[WhiteElo "2400"]
[WhiteRD "70"]
[BlackElo "2225"]
[BlackRD "74"]
[GameID "336305"]

1. e4 e6 2. d4 d5 3. Nd2 Nf6 4. e5 Nfd7 5. Bd3 c5 6. c3 Nc6 7. Ne2 cxd4 8. cxd4 f6 9. exf6 Nxf6 10. O-O Bd6
11. Nf3 Qc7 12. Bg5 O-O 13. Rc1 Bd7 14. Re1 Rac8 15. a3 h6 16. Bh4 Be8 17. b4 a6 18. Bg3 Bh5 19. Ne5 Bxe5 20. dxe5 Ne4
21. Bxe4 dxe4 22. h3 Qd8 23. Qxd8 Rcxd8 24. Nf4 Bf7 25. Rxe4 g5 26. Ne2 Bg6 27. Re3 Rd2 28. Kh2 Ne7 29. Nc3 Rc8 30. Ne4 Rxc1
31. Nxd2 Nd5 32. Rb3 b5 33. Nf3 Rd1=
1/2-1/2

[Event "French Tarrash Training"]
[Site "SchemingMind.com"]
[Date "2013.08.06"]
[Round "-"]
[White "samprabhur"]
[Black "MKruger"]
[Result "0-1"]
[WhiteCountry "USA"]
[BlackCountry "GER"]
[WhiteElo "1838"]
[WhiteRD "93"]
[BlackElo "2215"]
[BlackRD "73"]
[GameID "336306"]

1. e4 e6 2. d4 d5 3. Nd2 Nf6 4. e5 Nfd7 5. Ngf3 c5 6. c3 Nc6 7. Bd3 g6 8. O-O Bg7 9. Re1 O-O 10. Bb5 Qb6
11. Qa4 cxd4 12. cxd4 f6 13. exf6 Nxf6 14. Bxc6 bxc6 15. Ne5 c5 16. Ndf3 cxd4 17. Bg5 Ne4 18. Be7 Rf4 19. Qe8+ Bf8 20. a4 d3
21. Nxd3 Bb7 22. Qd7 Rf7 23. a5 Qa6
0-1